[Event "4NCL/Div4/CELT vs. OXF2"]
[Site "Nottingham ENG"]
[Date "2007.03.24"]
[Round "7.4"]
[White "Ludbrook, Matt"]
[Black "Haldane, Robin"]
[Result "0-1"]
[WhiteElo "2058"]
[BlackElo "2122"]
[PlyCount "50"]
[EventDate "2007.03.24"]
[EventType "team"]
[EventRounds "11"]
[EventCountry "ENG"]
[WhiteTeam "Oxford 2"]
[BlackTeam "Celtic Tigers"]

1. e4 e5 2. Nf3 Nc6 3. Bb5 a6 4. Ba4 Nf6 5. O-O Be7 6. Re1 b5 7. Bb3 O-O 8. c3
d5 9. exd5 e4 10. dxc6 exf3 11. Qxf3 Bg4 12. Qg3 Bd6 13. f4 Re8 14. d4 Rxe1+
15. Qxe1 Qf8 16. Na3 Re8 17. Qg3 Re2 18. Nc2 Qe7 19. h3 Bh5 20. Be3 Ne4 21. Qh2
Qh4 22. Rf1 g5 23. g3 Nxg3 24. Rf2 gxf4 25. Bc1 Rxf2 0-1

[Event "4NCL/Div4/CELT vs. OXF2"]
[Site "Nottingham ENG"]
[Date "2007.03.24"]
[Round "7.5"]
[White "French, Angus"]
[Black "Morris, Graham"]
[Result "1-0"]
[WhiteElo "2105"]
[BlackElo "2035"]
[PlyCount "99"]
[EventDate "2007.03.24"]
[EventType "team"]
[EventRounds "11"]
[EventCountry "ENG"]
[WhiteTeam "Celtic Tigers"]
[BlackTeam "Oxford 2"]

1. e4 c5 2. c3 Nf6 3. e5 Nd5 4. Nf3 Nc6 5. Bc4 Nb6 6. Bb3 d5 7. exd6 Qxd6 8.
O-O Bf5 9. d4 e6 10. Na3 a6 11. Be3 cxd4 12. Nxd4 Nxd4 13. Bxd4 Nd5 14. Qf3 Be7
15. Rfe1 Rd8 16. Rad1 O-O 17. c4 Nb4 18. Bxg7 Nd3 19. Be5 Qc6 20. Qg3+ Bg6 21.
Rf1 Nxe5 22. Qxe5 Qe4 23. Qc7 Bf6 24. Bc2 Qc6 25. Qxc6 bxc6 26. Bxg6 hxg6 27.
b3 Kg7 28. Nc2 Rh8 29. Nb4 c5 30. Nxa6 Bd4 31. Nc7 Be5 32. Rxd8 Rxd8 33. Nb5
Rd2 34. f4 Bf6 35. Rf2 Rd1+ 36. Rf1 Rd2 37. a4 Rb2 38. g4 g5 39. fxg5 Bxg5 40.
Rf3 Ra2 41. Nd6 f6 42. Ne4 Re2 43. Nxc5 Kg6 44. a5 Re5 45. Nb7 Re2 46. a6 Ra2
47. Nc5 e5 48. Na4 Ra1+ 49. Kg2 Ra2+ 50. Rf2 1-0

[Event "4NCL/Div4/CELT vs. OXF2"]
[Site "Nottingham ENG"]
[Date "2007.03.24"]
[Round "7.6"]
[White "Bruce, Dave"]
[Black "Evans, Craig"]
[Result "1-0"]
[WhiteElo "2025"]
[BlackElo "2030"]
[PlyCount "51"]
[EventDate "2007.03.24"]
[EventType "team"]
[EventRounds "11"]
[EventCountry "ENG"]
[WhiteTeam "Oxford 2"]
[BlackTeam "Celtic Tigers"]

1. e4 e5 2. Nf3 Nc6 3. Bc4 Nf6 4. d3 h6 5. c3 Be7 6. O-O O-O 7. Re1 d6 8. h3
Na5 9. Bb5 a6 10. Ba4 b5 11. Bc2 c5 12. Nbd2 Re8 13. Nf1 Bf8 14. a4 Bb7 15. Ng3
g6 16. d4 Nc6 17. Be3 exd4 18. cxd4 Nb4 19. d5 Nxc2 20. Qxc2 Nd7 21. Nh2 Qh4
22. Qb3 Ne5 23. axb5 c4 24. Qa4 Nd3 25. Reb1 Bxd5 26. Nf3 1-0

[Event "4NCL/Div4/PPA2 vs. ANGA"]
[Site "Nottingham ENG"]
[Date "2007.03.24"]
[Round "7.1"]
[White "Rosen, Daniel B"]
[Black "Munson, Shaun D"]
[Result "0-1"]
[WhiteElo "2121"]
[BlackElo "2203"]
[PlyCount "70"]
[EventDate "2007.03.24"]
[EventType "team"]
[EventRounds "11"]
[EventCountry "ENG"]
[WhiteTeam "Poisnd Pawns 2"]
[BlackTeam "Ang Avengers"]

1. e4 c5 2. Nc3 Nc6 3. f4 g6 4. Nf3 Bg7 5. Bc4 e6 6. O-O Nge7 7. d3 a6 8. Bb3
d5 9. Qe1 O-O 10. Nd1 Na5 11. Bd2 Nxb3 12. axb3 Nc6 13. Qf2 b6 14. Bc3 d4 15.
Be1 Qc7 16. Qd2 f5 17. Bg3 fxe4 18. dxe4 Bh6 19. Ng5 Qe7 20. Bh4 e5 21. g3 Bd7
22. Nf2 exf4 23. gxf4 b5 24. Rae1 Bg7 25. e5 h6 26. Nf3 g5 27. Bg3 gxf4 28.
Bxf4 Qf7 29. Nd3 Bh3 30. Rf2 c4 31. Kh1 cxd3 32. Bxh6 Qh5 33. Rg1 Ra7 34. Rg3
dxc2 35. Bxg7 Rxg7 0-1

[Event "4NCL/Div4/PPA2 vs. ANGA"]
[Site "Nottingham ENG"]
[Date "2007.03.24"]
[Round "7.2"]
[White "White, Russell P"]
[Black "Kemp, Paul"]
[Result "1/2-1/2"]
[WhiteElo "2210"]
[BlackElo "2103"]
[PlyCount "63"]
[EventDate "2007.03.24"]
[EventType "team"]
[EventRounds "11"]
[EventCountry "ENG"]
[WhiteTeam "Ang Avengers"]
[BlackTeam "Poisnd Pawns 2"]

1. e4 c6 2. Nc3 d5 3. Qf3 d4 4. Bc4 e6 5. Nce2 c5 6. Qb3 Nc6 7. d3 a6 8. a4 Na5
9. Qa2 Bd7 10. c3 Nxc4 11. Qxc4 b5 12. Qa2 dxc3 13. Nxc3 Bc6 14. Qb1 b4 15.
Nce2 Qd7 16. Nf3 f6 17. Qc2 Rd8 18. d4 Qb7 19. Qc4 Bxe4 20. Qxe6+ Ne7 21. dxc5
Qd5 22. Qxd5 Nxd5 23. c6 Bxf3 24. gxf3 Rc8 25. Nf4 Nxf4 26. Bxf4 Rxc6 27. O-O
Bd6 28. Rfe1+ Kf7 29. Bxd6 Rxd6 30. Rac1 Rhd8 31. Rc7+ R8d7 32. Rec1 1/2-1/2

[Event "4NCL/Div4/PPA2 vs. ANGA"]
[Site "Nottingham ENG"]
[Date "2007.03.24"]
[Round "7.3"]
[White "Day, Tom"]
[Black "Gregory, Stephen J"]
[Result "1/2-1/2"]
[WhiteElo "2094"]
[BlackElo "2137"]
[PlyCount "120"]
[EventDate "2007.03.24"]
[EventType "team"]
[EventRounds "11"]
[EventCountry "ENG"]
[WhiteTeam "Poisnd Pawns 2"]
[BlackTeam "Ang Avengers"]

1. d4 Nf6 2. c4 Nc6 3. Nc3 d6 4. Bg5 e5 5. d5 Ne7 6. h4 c6 7. Bxf6 gxf6 8. Ne4
Ng8 9. dxc6 bxc6 10. Qa4 Bd7 11. e3 d5 12. cxd5 cxd5 13. Bb5 Rb8 14. Bxd7+ Qxd7
15. Qxd7+ Kxd7 16. O-O-O Ke6 17. Nc3 Ne7 18. Nge2 Rg8 19. g3 Bh6 20. Kb1 Rgc8
21. Rd3 a5 22. Rhd1 Rc5 23. Na4 Rc4 24. Nec3 e4 25. Rd4 Rxd4 26. Rxd4 f5 27.
Nc5+ Kd6 28. Nb3 Bg7 29. Ra4 Nc6 30. Ne2 Rb5 31. Nbd4 Bxd4 32. Nxd4 Rb4 33.
Nxf5+ Ke5 34. Rxb4 Nxb4 35. Nd4 Nd3 36. Nc6+ Kd6 37. Nxa5 Nxf2 38. Kc2 h5 39.
Nb3 Nh1 40. Nd4 Nxg3 41. Kd2 Nf1+ 42. Ke2 Nh2 43. b4 Ng4 44. a4 Ne5 45. b5 Nc4
46. Nf5+ Kc5 47. Ng3 Kb4 48. Nxh5 Kxa4 49. Nf4 Kxb5 50. h5 Nd6 51. Nxd5 Nf5 52.
Nc3+ Kc6 53. Nxe4 Kd5 54. Kf3 Ke5 55. Nf2 Kf6 56. e4 Nd4+ 57. Kg4 Kg7 58. Nh3
f6 59. Nf4 Kh6 60. Kh4 f5 1/2-1/2

[Event "4NCL/Div4/PPA2 vs. ANGA"]
[Site "Nottingham ENG"]
[Date "2007.03.24"]
[Round "7.4"]
[White "Reynolds, D Ian"]
[Black "McCorry, Robert T"]
[Result "0-1"]
[WhiteElo "2093"]
[BlackElo "2132"]
[PlyCount "118"]
[EventDate "2007.03.24"]
[EventType "team"]
[EventRounds "11"]
[EventCountry "ENG"]
[WhiteTeam "Ang Avengers"]
[BlackTeam "Poisnd Pawns 2"]

1. e4 Nc6 2. Nf3 d6 3. d4 Nf6 4. Nc3 Bg4 5. Be2 e6 6. h3 Bh5 7. Be3 Be7 8. Nd2
Bxe2 9. Qxe2 Qd7 10. f4 e5 11. Nb3 exd4 12. Nxd4 Nxd4 13. Bxd4 a6 14. O-O-O
O-O-O 15. Kb1 Rhe8 16. Rhe1 g6 17. Qf3 Qc6 18. Re2 Nd7 19. Nd5 Bf8 20. Re3 Nc5
21. Nf6 Re6 22. Nxh7 Nxe4 23. Ng5 Nxg5 24. Qxc6 bxc6 25. fxg5 Rxe3 26. Bxe3 Re8
27. Bc1 Kd7 28. Rf1 Re7 29. b3 Ke8 30. Bd2 Bg7 31. Re1 Rxe1+ 32. Bxe1 Be5 33.
c4 Bf4 34. h4 Ke7 35. Kc2 Ke6 36. g4 Ke5 37. Kd3 Bc1 38. Bg3+ Bf4 39. Be1 Bc1
40. Bg3+ Bf4 41. Bf2 c5 42. Be3 c6 43. Bf2 Bh2 44. Ke3 d5 45. cxd5 cxd5 46. Kd3
d4 47. b4 cxb4 48. Bxd4+ Kf4 49. Kc4 Kxg4 50. Kxb4 Kxh4 51. Be3 Bc7 52. a4 Bd8
53. Kc5 Bxg5 54. Bf2+ Kg4 55. Kb6 Kf3 56. Be1 Be3+ 57. Kxa6 g5 58. Kb7 g4 59.
a5 g3 0-1

[Event "4NCL/Div4/PPA2 vs. ANGA"]
[Site "Nottingham ENG"]
[Date "2007.03.24"]
[Round "7.5"]
[White "Winfridsson, Ola"]
[Black "Ruthen, Steven"]
[Result "1-0"]
[WhiteElo "2099"]
[BlackElo "2110"]
[PlyCount "39"]
[EventDate "2007.03.24"]
[EventType "team"]
[EventRounds "11"]
[EventCountry "ENG"]
[WhiteTeam "Poisnd Pawns 2"]
[BlackTeam "Ang Avengers"]

1. e4 e5 2. Nf3 Nc6 3. Bb5 Nd4 4. Nxd4 exd4 5. O-O Bc5 6. d3 c6 7. Ba4 b5 8.
Bb3 d5 9. exd5 cxd5 10. Re1+ Ne7 11. a4 b4 12. Bg5 O-O 13. Qf3 Be6 14. Nd2 Qd7
15. h3 f6 16. Bf4 g5 17. Bh2 Bf7 18. Qxf6 Qf5 19. Qxf5 Nxf5 20. Re5 1-0

[Event "4NCL/Div4/PPA2 vs. ANGA"]
[Site "Nottingham ENG"]
[Date "2007.03.24"]
[Round "7.6"]
[White "Gray, Mark S"]
[Black "Taylor, Robert K"]
[Result "1-0"]
[WhiteElo "2083"]
[BlackElo "2117"]
[PlyCount "81"]
[EventDate "2007.03.24"]
[EventType "team"]
[EventRounds "11"]
[EventCountry "ENG"]
[WhiteTeam "Ang Avengers"]
[BlackTeam "Poisnd Pawns 2"]

1. e4 e6 2. d4 d5 3. Nd2 Nc6 4. Ngf3 Nf6 5. e5 Nd7 6. Nb3 Be7 7. Bb5 Nb4 8. c3
c6 9. Be2 Na6 10. h4 b5 11. Rh3 Nf8 12. Rg3 g6 13. Bg5 Rb8 14. Qd2 b4 15. Qf4
Rb6 16. Nh2 h5 17. Rf3 Rh7 18. Bd3 Bxg5 19. hxg5 bxc3 20. bxc3 Qe7 21. Rb1 Qa3
22. Qd2 Nd7 23. g4 Qe7 24. gxh5 Rxh5 25. Ng4 Qxg5 26. Qxg5 Rxg5 27. Nh6 Nxe5
28. dxe5 Rxe5+ 29. Kd2 f5 30. Rg3 c5 31. f4 Re4 32. Bxe4 fxe4 33. Rbg1 c4 34.
Nd4 Rb2+ 35. Kc1 Rh2 36. Rxg6 Nc5 37. Rg8+ Kd7 38. R1g7+ Kd6 39. Nb5+ Kc6 40.
Nxa7+ Kb6 41. Nxc8+ 1-0

[Event "4NCL/Div4/HAL vs. KSP"]
[Site "Nottingham ENG"]
[Date "2007.03.24"]
[Round "7.1"]
[White "Walker, Nicholas A"]
[Black "Carpenter, Dai"]
[Result "1-0"]
[WhiteElo "2115"]
[BlackElo "2030"]
[PlyCount "47"]
[EventDate "2007.03.24"]
[EventType "team"]
[EventRounds "11"]
[EventCountry "ENG"]
[WhiteTeam "Halesowen"]
[BlackTeam "King supp Pawn"]

1. e4 d5 2. exd5 Qxd5 3. Nc3 Qa5 4. d4 Nf6 5. Bc4 Bg4 6. f3 Bf5 7. Nge2 e6 8.
Bd2 Bb4 9. a3 Bxc3 10. Bxc3 Qb6 11. Ng3 Bg6 12. Qe2 Nc6 13. d5 Nd4 14. Bxd4
Qxd4 15. c3 Qc5 16. O-O-O O-O-O 17. dxe6 Qg5+ 18. Rd2 Rhe8 19. Re1 Nd5 20. Ne4
Bxe4 21. fxe4 Nb6 22. exf7 Re7 23. Bb3 Kb8 24. Qe3 1-0

[Event "4NCL/Div4/HAL vs. KSP"]
[Site "Nottingham ENG"]
[Date "2007.03.24"]
[Round "7.2"]
[White "Zhu, Yao Yao"]
[Black "Doran, Michael J"]
[Result "0-1"]
[WhiteElo "2000"]
[BlackElo "2005"]
[PlyCount "60"]
[EventDate "2007.03.24"]
[EventType "team"]
[EventRounds "11"]
[EventCountry "ENG"]
[WhiteTeam "King supp Pawn"]
[BlackTeam "Halesowen"]

1. e4 e6 2. d4 d5 3. exd5 exd5 4. Bd3 c5 5. c3 Nf6 6. Nf3 Nc6 7. h3 Bd6 8. O-O
O-O 9. Bg5 h6 10. Bh4 Re8 11. Nbd2 b6 12. Bb1 Ba6 13. Re1 Rxe1+ 14. Qxe1 cxd4
15. Nxd4 Nxd4 16. cxd4 Qe8 17. Qd1 g5 18. Bg3 Bxg3 19. fxg3 Qe3+ 20. Kh2 Qxd4
21. Bc2 Re8 22. Nf3 Qf2 23. Nd4 Ne4 24. Bxe4 Rxe4 25. Nc6 d4 26. Qa4 Bb7 27.
Qc4 Re2 28. Qd5 d3 29. Rg1 d2 30. Ne7+ Rxe7 0-1

[Event "4NCL/Div4/HAL vs. KSP"]
[Site "Nottingham ENG"]
[Date "2007.03.24"]
[Round "7.3"]
[White "Pugh, Glyn D"]
[Black "Healey, Michael"]
[Result "1/2-1/2"]
[WhiteElo "2000"]
[BlackElo "2012"]
[PlyCount "81"]
[EventDate "2007.03.24"]
[EventType "team"]
[EventRounds "11"]
[EventCountry "ENG"]
[WhiteTeam "Halesowen"]
[BlackTeam "King supp Pawn"]

1. e4 e5 2. Nf3 Nc6 3. Bb5 a6 4. Ba4 Nf6 5. O-O Be7 6. Re1 b5 7. Bb3 O-O 8. a4
Bb7 9. axb5 axb5 10. Rxa8 Qxa8 11. Nc3 Bc5 12. Nxb5 Qa5 13. Nc3 Qa7 14. Qe2 Nd4
15. Nxd4 exd4 16. Nd5 Bxd5 17. Bxd5 d3 18. cxd3 Bd4 19. Rf1 c6 20. Bb3 Rb8 21.
Qd1 Qc5 22. h3 Ra8 23. Qc2 Qxc2 24. Bxc2 Ra1 25. g3 Kf8 26. Kg2 Ke7 27. f4 Ne8
28. Rd1 d6 29. Kf3 Nc7 30. Ke2 Na6 31. Bb3 Nb4 32. Bc4 Na2 33. Bxa2 Rxa2 34.
Rf1 Ra1 35. Kd1 Bxb2 36. Kc2 Bd4 37. Rd1 Ra2+ 38. Kb3 Ra1 39. Kc2 Ra2+ 40. Kb3
Ra1 41. Kc2 1/2-1/2

[Event "4NCL/Div4/HAL vs. KSP"]
[Site "Nottingham ENG"]
[Date "2007.03.24"]
[Round "7.4"]
[White "Davies, Matthew"]
[Black "Lee, Darren"]
[Result "1/2-1/2"]
[WhiteElo "1960"]
[BlackElo "1955"]
[PlyCount "86"]
[EventDate "2007.03.24"]
[EventType "team"]
[EventRounds "11"]
[EventCountry "ENG"]
[WhiteTeam "King supp Pawn"]
[BlackTeam "Halesowen"]

1. d4 Nf6 2. c4 g6 3. Nc3 Bg7 4. e4 d6 5. Nf3 O-O 6. Be2 e5 7. O-O Nc6 8. d5
Ne7 9. Nd2 Nd7 10. b4 f5 11. f3 f4 12. Bb2 g5 13. Rc1 Nf6 14. c5 Rf7 15. Nc4
Ng6 16. Rc2 Bf8 17. cxd6 Bxd6 18. Nxd6 cxd6 19. a4 h5 20. Ba3 g4 21. Qd3 g3 22.
h3 Bxh3 23. gxh3 Qb6+ 24. Kh1 Nh4 25. Bd1 Qc7 26. Rg1 Qd7 27. Qf1 Kh7 28. Nb5
Ne8 29. Bc1 Rc8 30. Rxc8 Qxc8 31. Bd2 Rg7 32. Rg2 a6 33. Nc3 Qxh3+ 34. Kg1
Qxg2+ 35. Qxg2 Nxg2 36. Kxg2 Rg6 37. Ne2 Kh6 38. Ng1 h4 39. Be2 Kg7 40. Bd3 Rh6
41. Nh3 Nc7 42. Bf1 Kg6 43. Bd3 Kg7 1/2-1/2

[Event "4NCL/Div4/HAL vs. KSP"]
[Site "Nottingham ENG"]
[Date "2007.03.24"]
[Round "7.5"]
[White "Peck, Windsor W"]
[Black "Spencer, Doug"]
[Result "0-1"]
[WhiteElo "1860"]
[BlackElo "1970"]
[PlyCount "68"]
[EventDate "2007.03.24"]
[EventType "team"]
[EventRounds "11"]
[EventCountry "ENG"]
[WhiteTeam "Halesowen"]
[BlackTeam "King supp Pawn"]

1. d4 Nf6 2. Nf3 d6 3. Nc3 g6 4. e4 Bg7 5. Be3 c6 6. Qd2 O-O 7. Bd3 Bg4 8. Ng5
h6 9. h3 Bc8 10. Nf3 Kh7 11. O-O-O b5 12. Nh4 Qa5 13. f4 b4 14. Nb1 Na6 15. f5
gxf5 16. Nxf5 Bxf5 17. exf5 d5 18. Qf2 Qxa2 19. b3 c5 20. Qe2 Nc7 21. dxc5 Ne4
22. Bxe4 Qb2+ 23. Kd2 dxe4 24. Qc4 Bc3+ 25. Nxc3 bxc3+ 26. Qxc3 Rad8+ 27. Bd4
Rxd4+ 28. Qxd4 Qxd4+ 29. Ke2 Qxc5 30. Rd2 Rg8 31. g4 Nd5 32. Rh2 Nc3+ 33. Kf1
e3 34. Rdg2 Rd8 0-1

[Event "4NCL/Div4/HAL vs. KSP"]
[Site "Nottingham ENG"]
[Date "2007.03.24"]
[Round "7.6"]
[White "Parry, Matthew"]
[Black "Banks, Peter"]
[Result "1/2-1/2"]
[WhiteElo "1677"]
[BlackElo "1715"]
[PlyCount "76"]
[EventDate "2007.03.24"]
[EventType "team"]
[EventRounds "11"]
[EventCountry "ENG"]
[WhiteTeam "King supp Pawn"]
[BlackTeam "Halesowen"]

1. d4 c5 2. d5 Nf6 3. Nc3 d6 4. Bg5 e6 5. e3 Be7 6. Bb5+ Bd7 7. Bxd7+ Nbxd7 8.
Nf3 Nxd5 9. Bxe7 Qxe7 10. Nxd5 exd5 11. Qxd5 Nb6 12. Qd3 O-O 13. c4 Rad8 14.
O-O d5 15. cxd5 Rxd5 16. Qa3 Nc8 17. Qb3 Qd7 18. e4 Rd6 19. Rac1 b6 20. Rfd1
Rd8 21. Rxd6 Qxd6 22. h4 Ne7 23. Ng5 Qg6 24. Rd1 Nc6 25. Rxd8+ Nxd8 26. Qd5 Qf6
27. e5 Qe7 28. g3 h6 29. Ne4 Ne6 30. f4 Nd4 31. Nd6 Qd7 32. Qa8+ Kh7 33. Qf8
Qh3 34. Ne4 Ne2+ 35. Kf2 Qh2+ 36. Ke3 Nd4 37. Nf6+ gxf6 38. Qxf7+ Kh8 1/2-1/2

[Event "4NCL/Div4/PAND vs. LMAO1"]
[Site "Nottingham ENG"]
[Date "2007.03.24"]
[Round "7.1"]
[White "Hammond, Andrew J C"]
[Black "Crawley, Gavin"]
[Result "0-1"]
[WhiteElo "2208"]
[BlackElo "2403"]
[PlyCount "76"]
[EventDate "2007.03.24"]
[EventType "team"]
[EventRounds "11"]
[EventCountry "ENG"]
[WhiteTeam "Pandoras Box"]
[BlackTeam "London Mstrs 1"]

1. d4 Nf6 2. Nf3 g6 3. c4 Bg7 4. Nc3 O-O 5. e4 d6 6. Be2 Nc6 7. O-O Re8 8. d5
Nb4 9. Be3 e6 10. Nd4 exd5 11. exd5 Bd7 12. a3 Na6 13. b4 Ne4 14. Nxe4 Rxe4 15.
Bf3 Re8 16. Rc1 Qf6 17. Qd2 h5 18. h3 Rxe3 19. fxe3 Qg5 20. Ne2 Bxh3 21. c5
dxc5 22. b5 Nb8 23. Rxc5 Nd7 24. Rxc7 Ne5 25. Nf4 Bf5 26. d6 Rd8 27. Bd5 Bf8
28. Re7 Bxe7 29. dxe7 Qxe7 30. e4 Bxe4 31. Qd4 Bxd5 32. Nxd5 Qg5 33. Qe4 Nf3+
34. Rxf3 Qxd5 35. Qe7 Rd7 36. Qe8+ Kg7 37. a4 Rc7 38. Qe3 Qc5 0-1

[Event "4NCL/Div4/PAND vs. LMAO1"]
[Site "Nottingham ENG"]
[Date "2007.03.24"]
[Round "7.2"]
[White "Poobalasingam, Peter"]
[Black "Dilley, Jason M"]
[Result "0-1"]
[WhiteElo "2089"]
[BlackElo "2205"]
[PlyCount "80"]
[EventDate "2007.03.24"]
[EventType "team"]
[EventRounds "11"]
[EventCountry "ENG"]
[WhiteTeam "London Mstrs 1"]
[BlackTeam "Pandoras Box"]

1. d4 d6 2. c4 g6 3. Nc3 Bg7 4. e4 Nf6 5. f4 O-O 6. Nf3 c5 7. d5 e6 8. Be2 exd5
9. exd5 a6 10. O-O Re8 11. Bd3 Nbd7 12. a4 b6 13. Qc2 Ng4 14. h3 Ne3 15. Bxe3
Rxe3 16. Qd2 Re8 17. Ne4 Nf6 18. Ng3 Ra7 19. f5 Rae7 20. Qc2 Re3 21. Ra3 g5 22.
Nh1 g4 23. hxg4 Nxg4 24. Nf2 Rxf3 25. Nxg4 Bd4+ 26. Nf2 Qg5 27. Kh1 Bxf2 28.
Rxf2 Re1+ 29. Bf1 Rxf1+ 30. Rxf1 Rxf1+ 31. Kh2 Bxf5 32. Qe2 Qh4+ 33. Rh3 Bxh3
34. Qxf1 Bd7+ 35. Kg1 Qd4+ 36. Kh1 Qxb2 37. Qe1 Qe5 38. Qh4 Bxa4 39. Qd8+ Kg7
40. Qxb6 Qe1+ 0-1

[Event "4NCL/Div4/PAND vs. LMAO1"]
[Site "Nottingham ENG"]
[Date "2007.03.24"]
[Round "7.3"]
[White "Woolley, Jos"]
[Black "Walker, Samuel"]
[Result "1/2-1/2"]
[WhiteElo "2091"]
[BlackElo "1910"]
[PlyCount "78"]
[EventDate "2007.03.24"]
[EventType "team"]
[EventRounds "11"]
[EventCountry "ENG"]
[WhiteTeam "Pandoras Box"]
[BlackTeam "London Mstrs 1"]

1. e4 c5 2. Nf3 g6 3. d4 cxd4 4. Qxd4 Nf6 5. e5 Nc6 6. Qa4 Nd5 7. Qe4 Nb6 8.
Nc3 Bg7 9. Bf4 d5 10. exd6 Bf5 11. dxe7 Qxe7 12. Qxe7+ Kxe7 13. O-O-O Bxc3 14.
Bd6+ Kf6 15. bxc3 Rac8 16. Bb5 Rhe8 17. Rhe1 Rxe1 18. Rxe1 Nd5 19. Kb2 a6 20.
Bxc6 Rxc6 21. Be5+ Ke7 22. Nd4 Rb6+ 23. Kc1 Be6 24. Kd2 Rb2 25. c4 Nb6 26. Nxe6
Nxc4+ 27. Kc1 Rb5 28. Nc5 Nxe5 29. Rxe5+ Kd6 30. Re8 Rxc5 31. Rb8 Rc7 32. Kd2
Rd7 33. Re8 Kc5+ 34. Kc3 h5 35. h4 b5 36. Rc8+ Kb6 37. g3 Re7 38. Kd3 Kb7 39.
Rf8 Rc7 1/2-1/2

[Event "4NCL/Div4/PAND vs. LMAO1"]
[Site "Nottingham ENG"]
[Date "2007.03.24"]
[Round "7.4"]
[White "Harrington, James"]
[Black "Coates, David"]
[Result "1/2-1/2"]
[WhiteElo "1905"]
[BlackElo "2055"]
[PlyCount "47"]
[EventDate "2007.03.24"]
[EventType "team"]
[EventRounds "11"]
[EventCountry "ENG"]
[WhiteTeam "London Mstrs 1"]
[BlackTeam "Pandoras Box"]

1. c4 e6 2. Nc3 d5 3. d4 Nf6 4. Bg5 Be7 5. cxd5 exd5 6. e3 O-O 7. Bd3 Nbd7 8.
h3 Re8 9. Nf3 c6 10. O-O Nf8 11. Bxf6 Bxf6 12. b4 a6 13. Qc2 g6 14. Nd2 Ne6 15.
Kh1 Ng7 16. Nb3 Bf5 17. a4 Qc8 18. Bxf5 Nxf5 19. Rfc1 Nd6 20. Qd3 Qd8 21. b5
axb5 22. axb5 Qe7 23. bxc6 bxc6 24. Kg1 1/2-1/2

[Event "4NCL/Div4/PAND vs. LMAO1"]
[Site "Nottingham ENG"]
[Date "2007.03.24"]
[Round "7.5"]
[White "Birtwhistle, Nigel"]
[Black "Walker, Colin M"]
[Result "1-0"]
[WhiteElo "2105"]
[BlackElo "1910"]
[PlyCount "61"]
[EventDate "2007.03.24"]
[EventType "team"]
[EventRounds "11"]
[EventCountry "ENG"]
[WhiteTeam "Pandoras Box"]
[BlackTeam "London Mstrs 1"]

1. e4 c5 2. c3 Nf6 3. e5 Nd5 4. d4 cxd4 5. Nf3 Nc6 6. cxd4 d6 7. Bc4 e6 8. O-O
Nb6 9. Bd3 dxe5 10. dxe5 Qc7 11. Qe2 Bc5 12. Nc3 a6 13. a3 Nd7 14. Bf4 Nd4 15.
Nxd4 Bxd4 16. Rac1 Qa5 17. Ne4 Bxe5 18. b4 Qb6 19. Be3 Qd8 20. f4 Bc7 21. f5
Nf6 22. Nxf6+ gxf6 23. Rfd1 Qe7 24. Bc5 Bxh2+ 25. Kxh2 Qc7+ 26. Kh1 b6 27. Be4
Bb7 28. Bd6 Qd7 29. Rc7 Bxe4 30. Qxe4 Qa4 31. Qxa8# 1-0

[Event "4NCL/Div4/CONQ1 vs. GLOSG"]
[Site "Nottingham ENG"]
[Date "2007.03.24"]
[Round "7.1"]
[White "Prizant, Michael"]
[Black "Bolt, Graham"]
[Result "1-0"]
[WhiteElo "2140"]
[BlackElo "2111"]
[PlyCount "137"]
[EventDate "2007.03.24"]
[EventType "team"]
[EventRounds "11"]
[EventCountry "ENG"]
[WhiteTeam "Conquistadors 1"]
[BlackTeam "Glos Gambits"]

1. e4 c5 2. c3 Nf6 3. e5 Nd5 4. d4 cxd4 5. Nf3 d6 6. cxd4 e6 7. Bc4 Nc6 8. O-O
Be7 9. a3 b6 10. Qe2 Bb7 11. Rd1 O-O 12. Bd2 Rc8 13. Nc3 Na5 14. Ba2 Nxc3 15.
Bxc3 a6 16. d5 exd5 17. Bxd5 Bxd5 18. Rxd5 Rc5 19. Rxc5 dxc5 20. Qxa6 Nb3 21.
Re1 Qc7 22. Qc4 Na5 23. Qg4 Nc6 24. e6 f6 25. Nh4 Ne5 26. Qg3 Rc8 27. f4 Nc6
28. Nf5 g6 29. h4 Kh8 30. Nxe7 Qxe7 31. Qg5 Nd4 32. Bxd4 cxd4 33. Qb5 Rd8 34.
Qxb6 d3 35. Rd1 d2 36. Qe3 Rd6 37. Rxd2 Rxe6 38. Qf2 Re1+ 39. Kh2 Re4 40. Qb6
Kg7 41. Qc6 Kh6 42. Rd7 Qe8 43. Qb7 Kh5 44. Rxh7+ Kg4 45. Qd7+ Kxf4 46. Qxe8
Rxe8 47. Rc7 Rh8 48. Rc4+ Ke3 49. Kg3 Kd3 50. Rc6 g5 51. Rxf6 gxh4+ 52. Kh3 Kc2
53. b4 Kb3 54. Rf4 Kxa3 55. Rxh4 Rg8 56. b5 Rb8 57. Rc4 Rxb5 58. g4 Kb3 59. Rc7
Rb8 60. g5 Rg8 61. Kg4 Kb4 62. Kf5 Rf8+ 63. Ke6 Rf1 64. g6 Re1+ 65. Kf7 Rf1+
66. Kg8 Kb5 67. g7 Ra1 68. Kf8 Kb6 69. Rf7 1-0

[Event "4NCL/Div4/CONQ1 vs. GLOSG"]
[Site "Nottingham ENG"]
[Date "2007.03.24"]
[Round "7.2"]
[White "Hosken, Nigel"]
[Black "Turner, Caius"]
[Result "1/2-1/2"]
[WhiteElo "2002"]
[BlackElo "2110"]
[PlyCount "106"]
[EventDate "2007.03.24"]
[EventType "team"]
[EventRounds "11"]
[EventCountry "ENG"]
[WhiteTeam "Glos Gambits"]
[BlackTeam "Conquistadors 1"]

1. d4 g6 2. c4 Nf6 3. Nc3 Bg7 4. e4 d6 5. Be2 O-O 6. Bg5 Nbd7 7. Qd2 c6 8. h4
h5 9. f3 a6 10. Nh3 b5 11. Nf2 Nb6 12. b3 Be6 13. c5 dxc5 14. dxc5 b4 15. Qxd8
Rfxd8 16. cxb6 bxc3 17. Rc1 Rdb8 18. Nd1 Nd7 19. Nxc3 Nxb6 20. Bxe7 f5 21. Bc5
Nd7 22. Be3 Re8 23. Kf2 Bxc3 24. Rxc3 fxe4 25. fxe4 Nf6 26. Bf3 Bf7 27. Rxc6
Nxe4+ 28. Bxe4 Rxe4 29. Bg5 Rf8 30. Rf6 Be6 31. Rxf8+ Kxf8 32. Rd1 Kf7 33. g3
Bg4 34. Rd2 a5 35. a3 Be6 36. Rd3 Re5 37. b4 axb4 38. axb4 Rd5 39. Ra3 Ke8 40.
Be3 Kd7 41. Bc5 Bf5 42. Ke3 Kc6 43. Kf4 Kb5 44. Re3 Kc4 45. Re1 Kb5 46. Kg5 Rd3
47. Rg1 Rd5 48. Kf6 Kc4 49. Rf1 Rd3 50. Rg1 Rd5 51. Ke7 Rd7+ 52. Kf6 Rd5 53.
Rc1+ Kb5 1/2-1/2

[Event "4NCL/Div4/CONQ1 vs. GLOSG"]
[Site "Nottingham ENG"]
[Date "2007.03.24"]
[Round "7.3"]
[White "Atako, Chino"]
[Black "Lambourne, Daniel M"]
[Result "0-1"]
[WhiteElo "2174"]
[BlackElo "2080"]
[PlyCount "122"]
[EventDate "2007.03.24"]
[EventType "team"]
[EventRounds "11"]
[EventCountry "ENG"]
[WhiteTeam "Conquistadors 1"]
[BlackTeam "Glos Gambits"]

1. e4 c5 2. Nc3 Nc6 3. f4 g6 4. Nf3 Bg7 5. Bb5 Nd4 6. Bd3 d6 7. Nxd4 cxd4 8.
Ne2 e5 9. c3 dxc3 10. dxc3 Bd7 11. Be3 Nf6 12. h3 Bc6 13. Qc2 Qe7 14. O-O exf4
15. Bxf4 O-O 16. Rae1 d5 17. Ng3 dxe4 18. Nxe4 Nxe4 19. Bxe4 Qc5+ 20. Be3 Qc4
21. Bxc6 Qxc6 22. Qf2 b6 23. Bg5 f6 24. Bf4 Rae8 25. Rxe8 Rxe8 26. Re1 Rxe1+
27. Qxe1 Kf7 28. Qd2 Bf8 29. Bh6 Bc5+ 30. Kh1 Qd6 31. Qxd6 Bxd6 32. Be3 Ke6 33.
Kg1 Kd5 34. b3 Ke4 35. Kf2 f5 36. a4 Be5 37. Ke2 Bxc3 38. Bg5 a6 39. Bd8 b5 40.
axb5 axb5 41. Bg5 f4 42. Be7 h6 43. Bf8 h5 44. Be7 Ba5 45. Bc5 g5 46. Be7 g4
47. hxg4 hxg4 48. Bc5 Bc3 49. Bd6 f3+ 50. gxf3+ gxf3+ 51. Kf1 Bd4 52. Bf8 Kd3
53. Be7 Kc3 54. b4 Kc4 55. Bf8 Bc3 56. Kf2 Bxb4 57. Bh6 Bc5+ 58. Kxf3 Kd3 59.
Bg7 b4 60. Bf6 b3 61. Bb2 Bb4 0-1